00951nam a22002657a 45000010005000000030006000050050017000110080041000280200015000690400029000840500016001130820010001291000020001392450074001592500042002332600037002753000061003125050008003735200130003815210029005115210020005406500033005606500052005937000040006458073FISKH20250820161039.0250820b cb ||||| |||| 00| 0 eng d a0439364264 aFISKHbengcFISKHdFISKH aHQ1410 .C67 a305.4 aHarness, Cheryl aRemember the ladies : b100 great American women /cBy Cheryl Harness aFirst Scholastic printing, March 2002 aNew York : bScholastic, c2001. a64 unnumbered pages : bcolor illustrations ; c27 cm .  aR  aA chronologically arranged collection of profiles of 100 notable American women, ranging from Virginia Dare to Oprah Winfrey.8 a750 bLexile estimate 8 aR bRaz-Plus  aBarbara WaltersvNon-fiction aWomen - United States - BiographyvNon-fiction  aBart-Horvath, Stephanie eDesigner